<?xml version="1.0" encoding="UTF-8"?>
<record
    xmlns:xsi="http://www.w3.org/2001/XMLSchema-instance"
    xsi:schemaLocation="http://www.loc.gov/MARC21/slim http://www.loc.gov/standards/marcxml/schema/MARC21slim.xsd"
    xmlns="http://www.loc.gov/MARC21/slim">

  <leader>01174nam a22002297a 4500</leader>
  <controlfield tag="001">47473</controlfield>
  <controlfield tag="003">BD-RjUL</controlfield>
  <controlfield tag="005">20211209054325.0</controlfield>
  <controlfield tag="008">160808s1994    bg ||||| |||| 00| 0 ben d</controlfield>
  <datafield tag="035" ind1=" " ind2=" ">
    <subfield code="a">(BD-RjUL)47592</subfield>
  </datafield>
  <datafield tag="040" ind1=" " ind2=" ">
    <subfield code="a">BD-RjUL</subfield>
    <subfield code="b">ben </subfield>
    <subfield code="c">BD-RjUL</subfield>
  </datafield>
  <datafield tag="041" ind1=" " ind2=" ">
    <subfield code="a">ben </subfield>
  </datafield>
  <datafield tag="082" ind1=" " ind2=" ">
    <subfield code="2">23 </subfield>
    <subfield code="a">371 </subfield>
    <subfield code="b">ADA 1994 </subfield>
  </datafield>
  <datafield tag="110" ind1=" " ind2=" ">
    <subfield code="a">&#x9AC;&#x9BE;&#x982;&#x9B2;&#x9BE;&#x9A6;&#x9C7;&#x9B6; &#x9B8;&#x9B0;&#x995;&#x9BE;&#x9B0; , &#x9AE;&#x9BE;&#x9A7;&#x9CD;&#x9AF;&#x9AE;&#x9BF;&#x995; &#x9AA;&#x9B0;&#x9C0;&#x995;&#x9CD;&#x9B7;&#x9BE; &#x9B8;&#x982;&#x9B8;&#x9CD;&#x995;&#x9BE;&#x9B0; &#x99F;&#x9BE;&#x9B8;&#x9CD;&#x995; &#x9AB;&#x9CB;&#x9B0;&#x9CD;&#x9B8; &#x9B6;&#x9BF;&#x995;&#x9CD;&#x9B7;&#x9BE; &#x9AE;&#x9A8;&#x9CD;&#x9A4;&#x9CD;&#x9B0;&#x9A3;&#x9BE;&#x9B2;&#x9AF;&#x9BC; &#x997;&#x9A3;&#x9AA;&#x9CD;&#x9B0;&#x99C;&#x9BE;&#x9A4;&#x9A8;&#x9CD;&#x9A4;&#x9CD;&#x9B0;&#x9C0; </subfield>
    <subfield code="9">176812</subfield>
  </datafield>
  <datafield tag="245" ind1="0" ind2="0">
    <subfield code="a">&#x986;&#x9A6;&#x9B0;&#x9CD;&#x9B6;&#x9BE;&#x9AF;&#x9BC;&#x9BF;&#x9A4; &#x9A8;&#x9AE;&#x9CD;&#x9AC;&#x9B0; &#x993; &#x9AA;&#x9BE;&#x9B0;&#x9CD;&#x9B8;&#x9C7;&#x9A8;&#x9CD;&#x99F;&#x9BE;&#x987;&#x9B2; &#x9A8;&#x9B0;&#x9AE; :</subfield>
    <subfield code="b">&#x9AE;&#x9C7; &#x9E7;&#x9EF;&#x9EF;&#x9EA; / </subfield>
  </datafield>
  <datafield tag="246" ind1=" " ind2=" ">
    <subfield code="a">&#x9AE;&#x9BE;&#x9A7;&#x9CD;&#x9AF;&#x9AE;&#x9BF;&#x995; &#x9AA;&#x9B0;&#x9C0;&#x995;&#x9CD;&#x9B7;&#x9BE; &#x9B8;&#x982;&#x9B8;&#x9CD;&#x995;&#x9BE;&#x9B0; :</subfield>
    <subfield code="b">&#x9AC;&#x9BF;&#x9A6;&#x9CD;&#x9AF;&#x9BE;&#x9B0;&#x9CD;&#x99C;&#x9A8; &#x9B8;&#x9AE;&#x9CD;&#x9AD;&#x9BE;&#x9AC;&#x9CD;&#x9AF;&#x9A4;&#x9BE; &#x985;&#x9AD;&#x9C0;&#x995;&#x9CD;&#x9B7;&#x9BE; /</subfield>
  </datafield>
  <datafield tag="260" ind1=" " ind2=" ">
    <subfield code="a">&#x9A2;&#x9BE;&#x995;&#x9BE; :</subfield>
    <subfield code="b">&#x99F;&#x9BE;&#x9B8;&#x9CD;&#x995; &#x9AB;&#x9CB;&#x9B0;&#x9CD;&#x9B8;, </subfield>
    <subfield code="c">&#x9E7;&#x9EF;&#x9EF;&#x9EA; </subfield>
  </datafield>
  <datafield tag="300" ind1=" " ind2=" ">
    <subfield code="a">&#x9EF;&#x9E6; &#x9AA;&#x9C3;. ; </subfield>
    <subfield code="c">&#x9E8;&#x9E7; &#x9B8;&#x9C7;&#x9AE;&#x9BF;. </subfield>
  </datafield>
  <datafield tag="650" ind1=" " ind2=" ">
    <subfield code="a">&#x9AC;&#x9BF;&#x9A6;&#x9CD;&#x9AF;&#x9BE;&#x9B2;&#x9AF;&#x9BC; &#x993; &#x995;&#x9BE;&#x9B0;&#x9CD;&#x9AF;&#x995;&#x9CD;&#x9B0;&#x9AE; </subfield>
    <subfield code="9">144356</subfield>
  </datafield>
  <datafield tag="650" ind1=" " ind2=" ">
    <subfield code="a">School &amp; Activities </subfield>
    <subfield code="9">144357</subfield>
  </datafield>
  <datafield tag="942" ind1=" " ind2=" ">
    <subfield code="2">ddc</subfield>
    <subfield code="c">BK</subfield>
  </datafield>
  <datafield tag="999" ind1=" " ind2=" ">
    <subfield code="c">47473</subfield>
    <subfield code="d">47473</subfield>
  </datafield>
  <datafield tag="952" ind1=" " ind2=" ">
    <subfield code="0">0</subfield>
    <subfield code="1">0</subfield>
    <subfield code="2">ddc</subfield>
    <subfield code="4">0</subfield>
    <subfield code="7">0</subfield>
    <subfield code="8">NFIC</subfield>
    <subfield code="a">RUCL</subfield>
    <subfield code="b">RUCL</subfield>
    <subfield code="c">Stack</subfield>
    <subfield code="d">1995-05-30</subfield>
    <subfield code="e">Bangla Academy, Dhaka</subfield>
    <subfield code="l">0</subfield>
    <subfield code="o">B 371  ADA 1994</subfield>
    <subfield code="r">2016-08-08 00:00:00</subfield>
    <subfield code="t">C-2</subfield>
    <subfield code="w">2016-08-08</subfield>
    <subfield code="y">BK</subfield>
  </datafield>
  <datafield tag="952" ind1=" " ind2=" ">
    <subfield code="0">0</subfield>
    <subfield code="1">0</subfield>
    <subfield code="2">ddc</subfield>
    <subfield code="4">0</subfield>
    <subfield code="7">1</subfield>
    <subfield code="8">NFIC</subfield>
    <subfield code="a">RUCL</subfield>
    <subfield code="b">RUCL</subfield>
    <subfield code="c">Reading</subfield>
    <subfield code="d">1994-07-23</subfield>
    <subfield code="e">Author, gift</subfield>
    <subfield code="l">0</subfield>
    <subfield code="o">B 371  ADA 1994</subfield>
    <subfield code="r">2016-12-24 00:00:00</subfield>
    <subfield code="t">C-1</subfield>
    <subfield code="w">2016-12-24</subfield>
    <subfield code="y">BK</subfield>
  </datafield>
</record>
